000 00795nam a2200253 i 4500
003 IT-RoINE
005 20190430065019.0
008 160708s1992 sp b |r|||| 001|||spa|d
020 _a8471002957
040 _aIT-RoINE
100 1 _aElia, Sílvio,
_d1913-1998
_958802
245 1 3 _aEl portugués en Brasil :
_bhistoria cultural /
_cSílvio Elia.
260 _aMadrid :
_bMAPFRE,
_c1992.
300 _a330 p. :
_bmapas ;
_c23 cm.
336 _2rdacontent
_atext
337 _2rdamedia
_aunmediated
338 _2rdacarrier
_avolume
490 1 _aColección Idioma e Iberoamérica ;
_v9
500 _aIncluye índices.
504 _aBibliografía: p. [299]-317.
650 4 _aPortugués (Lengua)
_zBrasil
_958803
830 0 _958788
_aIdioma e Iberoamérica (MAPFRE)
_v9
942 _cMTS
999 _c30013
_d30013